000 00426nam a2200169Ia 4500
008 221030s9999 xx 000 0 und d
020 _a8129710927
041 _aEnglish
082 _a105.23
_bCom
100 _aD. E. Comer
245 0 _aHands - On Networking with Internet Technologies
_cby D. E. Comer
250 _a2nd
260 _bPearson Education
_aDelhi
_c2005
300 _a197
650 _aComputers
942 _cBK
999 _c2023
_d2023